Statystyki dla Memiczne Miejscia w Każdym WOJEWÓDŹTWIE

Kliknij tutaj aby rozwiązać quiz!

Ogólne statystyki

  • Ten quiz został rozwiązany 79 razy
  • Średni wynik to 5 z 13

Statystyki odpowiedzi

HintOdpowiedź% Poprawnych
PodlaskieBiałystok
92%
Kujawsko-PomorskieBydgoszcz
77%
MazowieckieWołomin/Radom
73%
ŁódzkieŁódź
72%
ŚląskieSosnowiec
72%
LubelskieLublin/Świdnik
46%
Warmińsko-MazurskieMikołajki/Elbląg
37%
PodkarpackieKrosno
31%
PomorskieStegna
15%
MałopolskieWadowice
15%
ŚwiętokrzyskieWąchock
7%
Zachodnio-PomorskieGryfice
6%
WielkopolskieKoniec Świata/Ostrów Wielkopolski
6%

Rozkład punktacji

Percentyl według liczby udzielonych odpowiedzi

Procent ludzi z każdym wynikiem

Twoja historia wyników

Nie rozwiązałeś tego quizu